| 000 | 00738nam a2200229 a 4500 | ||
|---|---|---|---|
| 001 | BRCA_4471 | ||
| 005 | 20190320204701.0 | ||
| 008 | 080910s1910----enka######---#000-0#eng-# | ||
| 041 | _aeng | ||
| 044 | _aenk | ||
| 050 | 4 |
_aDP17 _b.C35 1910 |
|
| 100 | 1 |
_aCalvert, Albert F. _d1872-1946 _911332 |
|
| 245 | 1 | 0 |
_aCatalunia & the Balcanic Isles _bAn historical and descriptiver account _cBy Albert F. Calvert. |
| 260 |
_aLondres: Nueva York _bJohn Lane, The Bodley Head _c1910 |
||
| 300 |
_axv, 107 p. _bil ; 250 láminas _c20 cm |
||
| 440 | 0 |
_aThes spanishe series _911333 |
|
| 500 | _aIncluye índice de ilustraciones | ||
| 500 | _aCEO19 | ||
| 651 | 4 |
_aCataluña, España _xDescripción y viajes _911334 |
|
| 902 | _aGFM | ||
| 942 |
_2lcc _cB |
||
| 999 |
_c4177 _d4177 |
||